000 00364nam a2200145Ia 4500
008 231129s1996||||xx |||||||||||||| ||spa||
020 _a84-335-3515-3
040 _bspa
082 _a938 F513g
100 _aFinley M. I.
245 0 _aLos griegos de la antiguedad
260 _c1996
264 _aLabor
942 _2ddc
_cBKS
999 _c19712
_d19712